|
|
|
|
| LEADER |
00000nam a2200000Ii 4500 |
| 001 |
DIGDEU1911 |
| 003 |
NyNyDIG |
| 006 |
m o d |
| 007 |
cr ||||||||||| |
| 008 |
130501s2003 sp bf ob 000 0 spa d |
| 020 |
|
|
|a 9788498305456
|q (eBook)
|
| 020 |
|
|
|z 8474858704
|
| 020 |
|
|
|z 9788474858709
|
| 035 |
|
|
|a (OCoLC)948230266
|
| 040 |
|
|
|a DGITA
|b eng
|e pn
|c DGITA
|
| 043 |
|
|
|a ncnq---
|
| 050 |
1 |
4 |
|a F1525.2.S8 eBook
|
| 245 |
0 |
3 |
|a El Caso Awas Tingni contra Nicaragua :
|b nuevos horizontes para los derechos humanos de los pueblos indígenas /
|c Instituto de Derechos Humanos ; Felipe Gómez Isa, (editor).
|
| 246 |
3 |
0 |
|a Nuevos horizontes para los derechos humanos de los pueblos indígenas
|
| 264 |
|
1 |
|a Bilbao :
|b Universidad de Deusto,
|c 2003.
|
| 300 |
|
|
|a 1 online resource (279 p., [2] leaves of plates) :
|b maps
|
| 336 |
|
|
|a text
|b txt
|2 rdacontent
|
| 337 |
|
|
|a computer
|b c
|2 rdamedia
|
| 338 |
|
|
|a online resource
|b cr
|2 rdacarrier
|
| 490 |
1 |
|
|a Serie Derechos humanos ;
|v v. 11.
|
| 504 |
|
|
|a Includes bibliographical references.
|
| 650 |
|
0 |
|a Sumo Indians
|x Land tenure.
|
| 650 |
|
0 |
|a Sumo Indians
|x Civil rights.
|
| 650 |
|
0 |
|a Sumo Indians
|x Government relations.
|
| 650 |
|
0 |
|a Human rights
|z Nicaragua.
|
| 651 |
|
0 |
|a Nicaragua
|x Politics and government.
|
| 655 |
|
0 |
|a Electronic books.
|
| 700 |
1 |
|
|a Gómez Isa, Felipe
|
| 710 |
2 |
|
|a Universidad de Deusto.
|b Instituto de Derechos Humanos.
|
| 791 |
2 |
|
|a Digitalia (Firm),
|e distributor.
|
| 830 |
|
0 |
|a Serie Derechos humanos (Bilbao, Spain) ;
|v 11.
|
| 793 |
0 |
|
|g Digitalia eBook Collection:
|a Universidad de Deusto.
|
| 856 |
4 |
0 |
|3 Digitalia Hispánica
|u https://www.digitaliapublishing.com/a/18033/
|
| 910 |
|
|
|a Premium Collection: 2007-2012
|